| 000 | nam a22 7a 4500 | ||
|---|---|---|---|
| 999 |
_c129796 _d129796 |
||
| 008 | 190904b xxu||||| |||| 00| 0 eng d | ||
| 050 |
_aSPC. DT1.T50 _bA313 |
||
| 100 |
_aAkalefu, Alexander _948040 |
||
| 245 |
_aA critical valuation of the biafran secession agitation and the the Nigerian unity _bmaking a case for one and United Nigeria _cAlexander Akalefu |
||
| 260 |
_aHarare _bArrupe Jesuit University _c2019 |
||
| 300 |
_avi, 128p. ; _c31cm. |
||
| 500 | _aThesis | ||
| 651 |
_aNigeria _xCivil war _948041 |
||
| 651 |
_aNigeria _xPolitics _y1960- _948042 |
||
| 942 |
_2lcc _cMONOGRAPH |
||